00561cam a2200157 a 4500020003100000020001500031082001400046245006200060260015600122300002100278490004300299650001700342650001400359700001300373700001700386 a0470201339 (Halsted Press) a085312645300a542.1 DES00aDesign, construction, and refurbishment of laboratories / aChichester [West Sussex] :bPublished by E. Horwood for the Laboratory of the Govt. Chemist, London ;aNew York :bDistributed by Halsted Press,c1984. a375 p. :bill. ;1 aEllis Horwood series, chemical science 0aLaboratories 0achemistry1 aLees, R.1 aSmith, A. F.